Les vainqueurs de la coupe du monde de foot - Statistiques

Statistiques générales
  • Ce quiz a été pris 100 fois
  • Le résultat moyen est 17 sur 22
Statistiques - réponses
année pays % Correct
2018 France
100%
2014 Allemagne
99%
2022 Argentine
99%
2010 Espagne
96%
1998 France
96%
2006 Italie
94%
2002 Brésil
92%
1994 Brésil
88%
1930 Uruguay
75%
1986 Argentine
70%
1962 Brésil
68%
1958 Brésil
68%
1970 Brésil
67%
1982 Italie
66%
1990 RFA
66%
1966 Angleterre
65%
1978 Argentine
63%
1950 Uruguay
63%
1938 Italie
60%
1934 Italie
59%
1974 RFA
58%
1954 RFA
56%
Aucun quiz correspondant
Distribution des résultats
% des personnes avec chaque résultat
Percentile par nombre de réponses
Votre historique - résultats
Vous n’avez pas pris ce quiz